Welcome to the Holygrace Academy Library

Please use search bar below to get started

JEEVITHAM ENNA DIVYANUBHAVAM (Record no. 7639)

MARC details
000 -LEADER
fixed length control field 00392nam a22001457a 4500
082 ## - DEWEY DECIMAL CLASSIFICATION NUMBER
Classification number 920
Item number GAN/J
100 ## - MAIN ENTRY--AUTHOR NAME
Personal name DR.V.P.GANGADHARAB
245 ## - TITLE STATEMENT
Title JEEVITHAM ENNA DIVYANUBHAVAM
246 ## - VARYING FORM OF TITLE
Title proper/short title JEEVITHAM ENNA DIVYANUBHAVAM
Remainder of title JEEVITHAM ENNA DIVYANUBHAVAM
260 ## - PUBLICATION, DISTRIBUTION, ETC. (IMPRINT)
Place of publication KOTTAYAM
Name of publisher DR. V.P. GANGADHARAN
Year of publication 2022
300 ## - PHYSICAL DESCRIPTION
Number of Pages 120
520 ## - SUMMARY, ETC.
Summary, etc LIFE OF Dr.. GANGADHARAN
650 ## - SUBJECT ADDED ENTRY--TOPICAL TERM
Topical Term MEMOIR
942 ## - ADDED ENTRY ELEMENTS (KOHA)
Koha item type Books
Holdings
Withdrawn status Lost status Collection code Home library Current library Shelving location Date acquired Source of acquisition Cost, normal purchase price Full call number Accession Number Koha item type
    Non-fiction Main Library Main Library NEW SHELF WITH NEW ENTRY 20/11/2023 Purchase 180.00 920 GAN/J 13369 Books